Using Aspen plus in thermodynamics instruction : (Record no. 24821)

MARC details
000 -LEADER
fixed length control field 02183cam a22003135i 4500
001 - CONTROL NUMBER
control field 18244102
003 - CONTROL NUMBER IDENTIFIER
control field EG-ScBUE
005 - DATE AND TIME OF LATEST TRANSACTION
control field 20250629094945.0
008 - FIXED-LENGTH DATA ELEMENTS--GENERAL INFORMATION
fixed length control field 140728t2015 njua f 001 0 eng d
020 ## - INTERNATIONAL STANDARD BOOK NUMBER
International Standard Book Number 9781118996911
040 ## - CATALOGING SOURCE
Original cataloging agency EG-ScBUE
Language of cataloging eng
Description conventions rda
Transcribing agency EG-ScBUE
Modifying agency EG-ScBUE
082 04 - DEWEY DECIMAL CLASSIFICATION NUMBER
Classification number 536.7028553
Edition number 22
Item number SAN
100 1# - MAIN ENTRY--PERSONAL NAME
Personal name Sandler, Stanley I.,
Dates associated with a name 1940-
Relator term author.
245 10 - TITLE STATEMENT
Title Using Aspen plus in thermodynamics instruction :
Remainder of title a step-by-step guide /
Statement of responsibility, etc Stanley I. Sandler, Department of Chemical and Biomolecular Engineering, University of Delaware, Newark, DE.
264 #1 - PUBLICATION, DISTRIBUTION, ETC. (IMPRINT)
Place of publication, distribution, etc Hoboken, New Jeresy :
Name of publisher, distributor, etc John Wiley & Sons,
Date of publication, distribution, etc [2015]
264 #4 - PUBLICATION, DISTRIBUTION, ETC. (IMPRINT)
Date of publication, distribution, etc c2015
300 ## - PHYSICAL DESCRIPTION
Extent xi, 343 pages :
Other physical details illustrations ;
Dimensions 26 cm
336 ## - CONTENT TYPE
Source rdacontent
Content type term text
Content type code txt
337 ## - MEDIA TYPE
Media type term unmediated
Source rdamedia
Media type code n
338 ## - CARRIER TYPE
Carrier type term volume
Carrier type code nc
Source rdacarrier
500 ## - GENERAL NOTE
General note Includes index.
505 0# - FORMATTED CONTENTS NOTE
Formatted contents note Getting started with Aspen Plus -- Two simpe simulations -- Pure component property analysis -- The NIST thermodata engine (TDE) -- Vapor-liquid equilibrium calculations using activity coefficient models -- Vapor-liquid equilibrium calculations using an equations of state -- Regression of liquid-liquid equilibrium (LLE) data and vapor-liquid-liquid equilibrium (VLLE) and predictions -- The property methods assistant and property estimation -- Chemical reaction equilibrium in Aspen Plus -- Shortcut distillation calculations -- A rigorous distillation calculation : RadFrac -- Liquid-liquid extraction -- Sensitivity analysis : a tool for repetitive calculations -- Electrolyte solutions.
520 ## - SUMMARY, ETC.
Summary, etc "This book provides the reader with a self-study, step-by-step guide to doing thermodynamic calculations in Aspen Plus (Version 8.x). This is done by providing actual screen shots of the Aspen Plus interface to solve example problems of various types, including vapor-liquid, liquid-liquid, vapor-liquid-liquid and chemical reaction equilibria, and simple applications to liquefaction, distillation and liquid-liquid extraction"--
630 07 - SUBJECT ADDED ENTRY--UNIFORM TITLE
Uniform title Aspen plus.
Source of heading or term BUEsh
650 #7 - SUBJECT ADDED ENTRY--TOPICAL TERM
Topical term or geographic name as entry element Thermodynamics
General subdivision Data processing.
Source of heading or term BUEsh
653 ## - INDEX TERM--UNCONTROLLED
Resource For college Engineering, Chemical
Arrived date list May2017
655 ## - INDEX TERM--GENRE/FORM
Form subdivision Text book
9 (RLIN) 33728
942 ## - ADDED ENTRY ELEMENTS (KOHA)
Source of classification or shelving scheme Dewey Decimal Classification
Koha item type Book - Borrowing
Holdings
Withdrawn status Lost status Source of classification or shelving scheme Damaged status Not for loan Collection code Home library Current library Shelving location Date acquired Source of acquisition Cost, normal purchase price Total Checkouts Full call number Barcode Date last seen Cost, replacement price Koha item type
    Dewey Decimal Classification     Baccah Central Library Central Library First floor 10/05/2017 Purchase 1250.00   536.7028553 SAN 000041834 15/07/2025 1563.00 NB - Book (Non borrowing)
    Dewey Decimal Classification     Baccah Central Library Central Library First floor 10/05/2017 Purchase 1250.00   536.7028553 SAN 000041835 15/07/2025 1563.00 Book - Borrowing